Insect intruders in Indian homes. (Record no. 552641)
[ view plain ]
| 000 -LEADER | |
|---|---|
| fixed length control field | 00565cam a22001691 4500 |
| 082 ## - DEWEY DECIMAL CLASSIFICATION NUMBER | |
| Classification number | 595.7 |
| Author Mark | STE |
| 100 1# - MAIN ENTRY--PERSONAL NAME | |
| Personal name | Stebbing, Edward Percy, |
| 9 (RLIN) | 49896 |
| 245 10 - TITLE STATEMENT | |
| Title | Insect intruders in Indian homes. |
| Statement of responsibility, etc. | By E. P. Stebbing. |
| 260 ## - PUBLICATION, DISTRIBUTION, ETC. | |
| Place of publication, distribution, etc. | [Calcutta, |
| Name of publisher, distributor, etc. | Printed by Thacker, Spink and co., |
| Date of publication, distribution, etc. | 1909] |
| 300 ## - PHYSICAL DESCRIPTION | |
| Extent | 5 p. l., 153, [1] p., |
| Other physical details | illus., |
| Dimensions | 22 cm. |
| 500 ## - GENERAL NOTE | |
| General note | "Authorities consulted" : 3d prelim. leaf. |
| 526 ## - STUDY PROGRAM INFORMATION NOTE | |
| Program name | 0 |
| Interest level | 0 |
| Reading level | 0 |
| Title point value | 595_700000000000000_STE |
| 650 #0 - SUBJECT ADDED ENTRY--TOPICAL TERM | |
| Topical term or geographic name entry element | Household pests. |
| 9 (RLIN) | 140 |
| 650 #0 - SUBJECT ADDED ENTRY--TOPICAL TERM | |
| Topical term or geographic name entry element | Insect pests |
| Geographic subdivision | India. |
| 9 (RLIN) | 49897 |
| 650 #0 - SUBJECT ADDED ENTRY--TOPICAL TERM | |
| Topical term or geographic name entry element | MCE |
| 9 (RLIN) | 379 |
| 942 ## - ADDED ENTRY ELEMENTS (KOHA) | |
| Source of classification or shelving scheme | |
| Koha item type | Book |
| Withdrawn status | Lost status | Source of classification or shelving scheme | Damaged status | Not for loan | Permanent Location | Current Location | Shelving location | Date acquired | Total Checkouts | Full call number | Barcode | Date last seen | Price effective from | Koha item type |
|---|---|---|---|---|---|---|---|---|---|---|---|---|---|---|
| Military College of Engineering (MCE) | Military College of Engineering (MCE) | 01/20/2015 | 595.7 STE | MCE-EC1/25 | 01/20/2015 | 03/14/2021 | Book |
